Environmentální aspekty strojírenské výroby

Saved in:
Bibliographic Details
Main Author Mařincová, Lenka (Dissertant)
Other Authors Trojan, Jakub (Thesis advisor)
Format Manuscript Book
LanguageCzech
Published 2016
Subjects
Online AccessPlný text v Digitální knihovně UTB
Physical Description56 s. (66 629)

Cover

LEADER 00000ntm a22000007u 4500
001 zp43771
041 |a cze 
100 1 |a Mařincová, Lenka  |4 dis 
245 1 0 |a Environmentální aspekty strojírenské výroby 
246 |a Environmental Aspects of Machinery Production 
260 |c 2016 
300 |a 56 s. (66 629) 
500 |a Studijní obor: Řízení environmentálních rizik 
500 |a Studijní obor: Environmental Risk Management 
500 |a Ústav: Ústav environmentální bezpečnosti 
500 |a Univerzita Tomáše Bati ve Zlíně. Fakulta logistiky a krizového řízení 
500 |a Tomas Bata University in Zlín. Faculty of Logistics and Crisis Management 
506 |a Bez omezení 
653 |a environmentální aspekt 
653 |a strojírenství 
653 |a životní prostředí 
653 |a určení významnosti 
653 |a environmental aspects 
653 |a machine engineering 
653 |a environment 
653 |a determine significance 
655 4 |a bakalářská práce 
700 1 |a Trojan, Jakub  |4 ths 
710 2 |a Univerzita Tomáše Bati ve Zlíně. Fakulta logistiky a krizového řízení  |4 dgg 
710 2 |a Tomas Bata University in Zlín. Faculty of Logistics and Crisis Management  |4 dgg 
856 4 0 |u http://hdl.handle.net/10563/38550  |y Plný text v Digitální knihovně UTB